Caught in the Middle - Paramore - Statistics

General Stats
  • This quiz has been taken 14 times
  • The average score is 308 of 356
Answer Stats
Hint Answer % Correct
a
100%
A
100%
can
100%
Verse 1 | Verse 2 I
100%
the
100%
think
100%
And
90%
bit
90%
but
90%
But
90%
by
90%
call
90%
can't
90%
Pre-Chorus Can't
90%
caught
90%
(Don't
90%
don't
90%
else
90%
Chorus | Outro I'm
90%
in
90%
just
90%
little
90%
look
90%
me
90%
middle
90%
my
90%
myself
90%
need
90%
Bridge No
90%
no
90%
not
90%
of
90%
on
90%
one
90%
quitter
90%
sabotage
90%
simple
90%
that
90%
ahead
80%
back
80%
Behind
80%
blind
80%
'Cause
80%
cry
80%
(Cry)
80%
die
80%
eyes
80%
far
80%
for
80%
forest
80%
going
80%
got
80%
gotta
80%
help
80%
It
80%
it
80%
it's
80%
(It's
80%
keep
80%
makes
80%
only
80%
see
80%
to
80%
too
80%
trees
80%
try
80%
want
80%
was
80%
who
80%
Yeah
80%
you
80%
All
70%
(All
70%
away
70%
dream
70%
getting
70%
If
70%
lids
70%
life
70%
message
70%
now
70%
old
70%
or
70%
out)
70%
out
70%
own
70%
own)
70%
point
70%
they'll
70%
wear
70%
while
70%
cool
60%
dreaming
60%
good
60%
is
60%
won't
60%
are
50%
days
50%
glory
50%
gone)
40%
over
40%
Pre-Chorus Nostalgia's
30%
No matching quizzes found
Score Distribution
Percent of People with Each Score
Percentile by Number Answered
Your Score History
You have not taken this quiz